00463nam a2200109Ia 4500008004100000050002200041100002600063245013800089260008600227300002800313521001200341140724s9999 xx 000 0 und d aRT 41b.G192 2008 aGamiao, Riza Marie G. aFactors affecting choice of nursing as a course and academic performance of third year SISC nursing students /cRiza Marie G. Gamiao. aLas Piñas, Philippines :bSouthville International School and Colleges,cc2008. a68 p. :bill. ;c28 cm. aNursing